00563nam a2200157Ia 4500003000900000008004100009020002600050020002700076040001600103100002400119245007200143260003200215300002000247490003400267856010400301IN-BaIIA211028s9999 xx s 000 0 eng d a9781510628335 (Print) a9781510628342 (Online) cIIA Library aHasan, Tayyaba, ed. 0a17th International Photodynamic Association World Congressh[eBook] aWashington, USAbSPIEc2019 aOnline resource aProceedings of SPIE; V. 11070 uhttps://www.spiedigitallibrary.org/conference-proceedings-of-spie/11070yClick Here to Access eBook